| 000 | 00372cam a2200157ua 4500 | ||
|---|---|---|---|
| 041 |
_aeng _h |
||
| 082 |
_a621.801 _bGRE/TH |
||
| 100 | _aGreen, W.G . | ||
| 245 |
_aTheory of Machines / _cW.G.Green. _hTextual Documents |
||
| 250 |
_a2 / _b. |
||
| 260 |
_aMumbai : _bBlackie & Son Ltd , _c1963. |
||
| 300 | _a1064 ; . | ||
| 504 | _a | ||
| 942 | _cBK | ||
| 999 |
_c1320 _d1320 |
||